Los tres libros de hipotiposis pirrónicas / (Record no. 106368)

MARC details
000 -LEADER
campo de control de longitud fija 00874nam a2200229 i 4500
001 - NÚMERO DE CONTROL
campo de control 106368
003 - IDENTIFICADOR DE NÚMERO DE CONTROL
campo de control ES-MaACL
005 - FECHA Y HORA DE LA ÚLTIMA TRANSACCIÓN
campo de control 20230906184127.0
007 - CAMPO FIJO DE DESCRIPCIÓN FÍSICA--INFORMACIÓN GENERAL
campo de control de longitud fija t|
008 - DATOS DE LONGITUD FIJA--INFORMACIÓN GENERAL
campo de control de longitud fija 061103s1926 sp ||||1| spa d
080 ## - NÚMERO DE LA CLASIFICACIÓN DECIMAL UNIVERSAL
Número de la Clasificación Decimal Universal 165.72(38)
100 0# - ENTRADA PRINCIPAL--NOMBRE DE PERSONA
Nombre de persona Sexto Empírico.
9 (RLIN) 105957
245 14 - MENCIÓN DEL TÍTULO
Título Los tres libros de hipotiposis pirrónicas /
Mención de responsabilidad, etc. de Sexto Empírico ; traducidos del griego y adicionados de tres apéndices por Lucio Gil Fagoaga.
260 ## - PUBLICACIÓN, DISTRIBUCIÓN, ETC.
Lugar de publicación, distribución, etc. Madrid :
Nombre del editor, distribuidor, etc. Reus,
Fecha de publicación, distribución, etc. 1926.
300 ## - DESCRIPCIÓN FÍSICA
Extensión 340 p., 1 h. de lám. ;
Dimensiones 22 cm.
490 1# - MENCIÓN DE SERIE
Mención de serie Biblioteca filosófica de autores españoles y extranjeros ;
Designación de volumen o secuencia 9
650 14 - PUNTO DE ACCESO ADICIONAL DE MATERIA--TÉRMINO DE MATERIA
Término de materia o nombre geográfico como elemento de entrada Escépticos.
9 (RLIN) 12356
700 1# - ENTRADA AGREGADA--NOMBRE PERSONAL
Nombre de persona Gil de Fagoaga, Lucio.
9 (RLIN) 56794
830 0# - PUNTO DE ACCESO ADICIONAL DE SERIE-TÍTULO UNIFORME
Título uniforme Biblioteca filosófica de autores españoles y extranjeros ;
Designación de volumen o secuencia 9
9 (RLIN) 232835
852 ## - LOCALIZACIÓN
Ubicación ES-MaACL
Número de control de estantería E-11353
Nota libre . - Biblioteca Jacinto Martínez Lacalle
Holdings
Estatus retirado Estado de pérdida Estado de daño No para préstamo Biblioteca de origen Biblioteca actual Ubicación en estantería Fecha de adquisición Fuente de adquisición Total de préstamos Signatura topográfica completa Código de barras Visto por última vez Precio de reemplazo Tipo de ítem Koha
        Biblioteca del Ateneo de Madrid Biblioteca del Ateneo de Madrid Depósito 2 17/01/2008     E-11353 1111037 23/02/2023 23/02/2023 Libro impreso